Statistics for Counties of Texas

Click here to take the quiz!

General Stats

  • This quiz has been taken 7 times
  • The average score is 136 of 254

Answer Stats

County SeatCounty% Correct
BellvilleAustin
100%
DallasDallas
100%
CrockettHouston
100%
CleburneJohnson
100%
AndrewsAndrews
83%
Archer CityArcher
83%
BanderaBandera
83%
BastropBastrop
83%
BeevilleBee
83%
BrownwoodBrown
83%
BurnetBurnet
83%
LockhartCaldwell
83%
ComancheComanche
83%
CrosbytonCrosby
83%
DentonDenton
83%
DickensDickens
83%
El PasoEl Paso
83%
SeminoleGaines
83%
HoustonHarris
83%
CanadianHemphill
83%
JacksonboroJack
83%
BeaumontJefferson
83%
GuthrieKing
83%
MadisonvilleMadison
83%
StantonMartin
83%
OrangeOrange
83%
RefugioRefugio
83%
RockwallRockwall
83%
HendersonRusk
83%
PalestineAnderson
67%
BeltonBell
67%
San AntonioBexar
67%
BrownsvilleCameron
67%
PittsburgCamp
67%
DimmittCastro
67%
RuskCherokee
67%
ChildressChildress
67%
ColemanColeman
67%
CraneCrane
67%
Carrizo SpringsDimmit
67%
EastlandEastland
67%
FloydadaFloyd
67%
Mount VernonFranklin
67%
GalvestonGalveston
67%
GoliadGoliad
67%
GonzalesGonzales
67%
HamiltonHamilton
67%
HaskellHaskell
67%
AthensHenderson
67%
HillsboroHill
67%
GreenvilleHunt
67%
EdnaJackson
67%
JasperJasper
67%
Fort DavisJeff Davis
67%
AnsonJones
67%
Karnes CityKarnes
67%
KaufmanKaufman
67%
KerrvilleKerr
67%
HallettsvilleLavaca
67%
GiddingsLee
67%
CentervilleLeon
67%
LibertyLiberty
67%
LlanoLlano
67%
MentoneLoving
67%
LubbockLubbock
67%
JeffersonMarion
67%
MasonMason
67%
MenardMenard
67%
DumasMoore
67%
NewtonNewton
67%
Palo PintoPalo Pinto
67%
WeatherfordParker
67%
Fort StocktonPecos
67%
ClarksvilleRed River
67%
San AugustineSan Augustine
67%
StratfordSherman
67%
AbileneTaylor
67%
ThrockmortonThrockmorton
67%
San AngeloTom Green
67%
WoodvilleTyler
67%
UvaldeUvalde
67%
VictoriaVictoria
67%
BrenhamWashington
67%
WhartonWharton
67%
Wichita FallsWichita
67%
FloresvilleWilson
67%
QuitmanWood
67%
ZapataZapata
67%
LufkinAngelina
50%
RockportAransas
50%
ClaudeArmstrong
50%
JourdantonAtascosa
50%
MuleshoeBailey
50%
SeymourBaylor
50%
Johnson CityBlanco
50%
GailBorden
50%
MeridianBosque
50%
New BostonBowie
50%
AngletonBrazoria
50%
BryanBrazos
50%
AlpineBrewster
50%
SilvertonBriscoe
50%
CaldwellBurleson
50%
Port LavacaCalhoun
50%
PanhandleCarson
50%
HenriettaClay
50%
MortonCochran
50%
McKinneyCollin
50%
WellingtonCollingsworth
50%
ColumbusColorado
50%
New BraunfelsComal
50%
Paint RockConcho
50%
PaducahCottle
50%
OzonaCrockett
50%
Van HornCulberson
50%
CooperDelta
50%
ClarendonDonley
50%
San DiegoDuval
50%
OdessaEctor
50%
RockspringsEdwards
50%
WaxahachieEllis
50%
StephenvilleErath
50%
BonhamFannin
50%
La GrangeFayette
50%
RobyFisher
50%
RichmondFort Bend
50%
FairfieldFreestone
50%
Garden CityGlasscock
50%
PampaGray
50%
ShermanGrayson
50%
AndersonGrimes
50%
MemphisHall
50%
SpearmanHansford
50%
MarshallHarrison
50%
LevellandHockley
50%
GranburyHood
50%
Big SpringHoward
50%
Sierra BlancaHudspeth
50%
MertzonIrion
50%
SaritaKenedy
50%
KingsvilleKleberg
50%
BenjaminKnox
50%
ParisLamar
50%
LampasasLampasas
50%
GroesbeckLimestone
50%
LipscombLipscomb
50%
Bay CityMatagorda
50%
Eagle PassMaverick
50%
WacoMcLennan
50%
HondoMedina
50%
MidlandMidland
50%
CameronMilam
50%
Colorado CityMitchell
50%
MontagueMontague
50%
ConroeMontgomery
50%
DaingerfieldMorris
50%
MatadorMotley
50%
NacogdochesNacogdoches
50%
CorsicanaNavarro
50%
SweetwaterNolan
50%
Corpus ChristiNueces
50%
PerrytonOchiltree
50%
VegaOldham
50%
CarthagePanola
50%
FarwellParmer
50%
MarfaPresidio
50%
Big LakeReagan
50%
LeakeyReal
50%
PecosReeves
50%
ColdspringSan Jacinto
50%
SintonSan Patricio
50%
San SabaSan Saba
50%
SnyderScurry
50%
CenterShelby
50%
Sterling CitySterling
50%
Forth WorthTarrant
50%
SandersonTerrell
50%
AustinTravis
50%
GilmerUpshur
50%
RankinUpton
50%
Del RioVal Verde
50%
CantonVan Zandt
50%
MonahansWard
50%
LaredoWebb
50%
WheelerWheeler
50%
RaymondvilleWillacy
50%
GeorgetownWilliamson
50%
PlainsYoakum
50%
GrahamYoung
50%
Crystal CityZavala
50%
FalfurriasBrooks
33%
BairdCallahan
33%
LindenCass
33%
AnahuacChambers
33%
Robert LeeCoke
33%
GainesvilleCooke
33%
GatesvilleCoryell
33%
DalhartDallam
33%
LamesaDawson
33%
HerefordDeaf Smith
33%
CueroDeWitt
33%
CrowellFoard
33%
PearsallFrio
33%
PostGarza
33%
FredericksburgGillespie
33%
LongviewGregg
33%
SeguinGuadalupe
33%
PlainviewHale
33%
QuanahHardeman
33%
KountzeHardin
33%
ChanningHartley
33%
San MarcosHays
33%
EdinburgHidalgo
33%
Sulphur SpringsHopkins
33%
StinnettHutchinson
33%
HebbronvilleJim Hogg
33%
AliceJim Wells
33%
BoerneKendall
33%
JaytonKent
33%
JunctionKimble
33%
LittlefieldLamb
33%
CotullaLa Salle
33%
George WestLive Oak
33%
BradyMcCulloch
33%
TildenMcMullen
33%
GoldthwaiteMills
33%
LivingstonPolk
33%
AmarilloPotter
33%
EmoryRains
33%
CanyonRandall
33%
MiamiRoberts
33%
FranklinRobertson
33%
BallingerRunnels
33%
HemphillSabine
33%
EldoradoSchleicher
33%
AlbanyShackelford
33%
TylerSmith
33%
Glen RoseSomervell
33%
Rio Grande CityStarr
33%
BreckenridgeStephens
33%
AspermontStonewall
33%
TuliaSwisher
33%
BrownfieldTerry
33%
Mount PleasantTitus
33%
GrovetonTrinity
33%
HuntsvilleWalker
33%
HempsteadWaller
33%
VernonWilbarger
33%
KermitWinkler
33%
DecaturWise
33%
MarlinFalls
17%
BrackettvilleKinney
17%
TahokaLynn
17%
SonoraSutton
17%

Score Distribution

Percentile by Number Answered

Percent of People with Each Score

Your Score History

You have not taken this quiz